Derechos Humanos y prisión preventiva/ (Registro nro. 9767)
[ vista simple ]
| 000 -LEADER | |
|---|---|
| fixed length control field | 01419nam a2200193Ia 4500 |
| 005 - FECHA Y HORA DE LA ÚLTIMA TRANSACCIÓN | |
| control field | 20231013114831.0 |
| 008 - FIXED-LENGTH DATA ELEMENTS--GENERAL INFORMATION | |
| fixed length control field | 231013s9999 xx 000 0 und d |
| 020 ## - INTERNATIONAL STANDARD BOOK NUMBER | |
| International Standard Book Number | 92-1-354055-8 |
| 040 ## - CATALOGING SOURCE | |
| Original cataloging agency | UPAN |
| Transcribing agency | Biblioteca San Vicente |
| Description conventions | RCAA2 |
| 041 ## - LANGUAGE CODE | |
| Language code of text/sound track or separate title | spa |
| 082 ## - DEWEY DECIMAL CLASSIFICATION NUMBER | |
| Classification number | 341.481 |
| Item number | C468d |
| año de publicación | 1994 |
| 110 ## - MAIN ENTRY--CORPORATE NAME | |
| Corporate name or jurisdiction name as entry element | Centro de Derechos Humanos |
| Relator code | aut. |
| 245 #0 - TITLE STATEMENT | |
| Title | Derechos Humanos y prisión preventiva/ |
| Statement of responsibility, etc | Centro de Derechos Humanos |
| 260 ## - PUBLICATION, DISTRIBUTION, ETC. (IMPRINT) | |
| Place of publication, distribution, etc | Nueva York: |
| Name of publisher, distributor, etc | UNICEF, |
| Date of publication, distribution, etc | 1994 |
| 300 ## - PHYSICAL DESCRIPTION | |
| Extent | 58 p.; |
| Dimensions | 28 cm. |
| 505 ## - FORMATTED CONTENTS NOTE | |
| Formatted contents note | I. No discriminación, II. Presunciòn de inocencia, III. Arresto, IV. Notificaciòn, V. Comparecencia ante una autoridad judicial u otra autoridad, VI. Alternativas a la reclusiòn, VII. Duraciòn de la prisiòn preventiva, VIII. Separaciòn de los detenidos segùn su condiciòn, IX. Acceso a un abogado defensor, X. Comunicaciones de los reclusos, XI. Investigaciòn de personas detenidas; torturas y malos tratos, XII. Condiciones físicas de la detenciòn, XIII. Utilizaciòn de medidas de disciplina y medios de coerciòn en la prisiòn preventiva, XIV. Condiciones intelectuales y religiosas de la detenciòn, XV. Vigilancia de los lugares de reclusiòn, XVI. Juicio imparcial, XVII. Examen judicial de la reclusiòn, XVIII. Detenciòn administrativa, XIX. Reglas especiales para menores, XX. Aplicaciòn, XXI. Clàusulas de salvaguardia |
| 650 ## - SUBJECT ADDED ENTRY--TOPICAL TERM | |
| Source of heading or term | LEMB |
| Form subdivision | Manual |
| General subdivision | Derechos humanos |
| 942 ## - ADDED ENTRY ELEMENTS (KOHA) | |
| Koha item type | Libros |
| Source of classification or shelving scheme | Dewey Decimal Classification |
| Withdrawn status | Lost status | Source of classification or shelving scheme | Damaged status | Not for loan | Collection code | Home library | Current library | Date acquired | Total Checkouts | Full call number | Barcode | Date last seen | Copy number | Price effective from | Koha item type |
|---|---|---|---|---|---|---|---|---|---|---|---|---|---|---|---|
| Dewey Decimal Classification | Referencia | Biblioteca UPAN San Vicente | Biblioteca UPAN San Vicente | 13/10/2023 | 341.481 C468d | 12002087 | 13/10/2023 | 01 | 13/10/2023 | Referencia |